000 00740nam a2200289Ia 4500
008 160803s9999 xx 000 0 und d
020 _a9780439994521
100 _aWooding, Chris
245 4 _aThe haunting of Alaizabel Cray /
245 _cChris Wooding.
260 _aNew York :
260 _bScholastic Inc.
260 _c2001
300 _a352 pages ;
300 _c20 cm
440 _aPoint.
500 _aOriginally published: 2001.
650 _aFantasy fiction.
650 _aGreat Britain -- History --
650 _aLondon (England) -- History --
650 _aSupernatural --
650 _aYoung adult fiction.
650 _xFiction.
650 _xFiction.
650 _xFiction.
700 _a970
999 _c298747
_d298747